Le dernier éte des indiens

Uloženo v:
Podrobná bibliografie
Hlavní autor: Lalonde, Robert
Médium: Kniha
Jazyk:Undetermined
Vydáno: París, Francia Editions du Seuil 1982
Témata:
Tagy: Přidat tag
Žádné tagy, Buďte první, kdo vytvoří štítek k tomuto záznamu!

MARC

LEADER 00000nam a2200000Ia 4500
008 170316s9999 xx 000 0 und d
090 |a 818 L-3d 
100 |a Lalonde, Robert 
245 |a Le dernier éte des indiens 
260 |a París, Francia 
260 |b Editions du Seuil 
260 |c 1982 
300 |a 157 páginas 
650 |a LITERATURA CANADIENSE 
999 |c 21927  |d 21927 
040 |a cru BVZT 
942 |c 15 D  |h 818 L-3d  |2 z